Dimensionamiento de un sistema de humedales artificiales del flujo superficial para la depuración de aguas residuales grises a pequeña escala en el barrio Omar Varela de la ciudad de Buenos Aires, Rivas

Bibliographic Details
Main Author: Mondragón Grios, Osmar Antonio
Other Authors: Tutor: Betanco, Nelly
Format: Tesis Section = Libro
Language:Undetermined
Spanish
Published: Managua UNI 2012
Subjects:
LEADER 00775nam a2200205Ia 4500
008 240830s9999 xx 000 0 und d
040 |a CEDOC DACA-RUSB / Mon 628.3 M741 
041 |a spa 
082 |a Mon 628.3 M741 
100 1 |a Mondragón Grios, Osmar Antonio 
245 1 0 |a Dimensionamiento de un sistema de humedales artificiales del flujo superficial para la depuración de aguas residuales grises a pequeña escala en el barrio Omar Varela de la ciudad de Buenos Aires, Rivas 
260 |a Managua  |b UNI  |c 2012 
300 |a 85 p. :il 
502 |a Tesis (Ingeniero Químico) -UNI, 2012. 
650 7 |a INGENIERIA SANITARIA 
650 7 |b  TRATAMIENTO Y ELIMINACION DE AGUAS RESIDUALES 
700 1 |a Tutor:  |b Betanco, Nelly 
942 |c BK  |2 ddc 
991 |a TESIS 
999 |c 26135